Central Library OPAC University of Rajshahi

سنن ابن ماجه ;; Sunan Ibn Mājah / (Record no. 78909)

MARC details
000 -LEADER
fixed length control field 00891cam a2200241 a 4500
001 - CONTROL NUMBER
control field 78909
003 - CONTROL NUMBER IDENTIFIER
rucl marc code BD-RjUL
005 - DATE AND TIME OF LATEST TRANSACTION
control field 20211209083204.0
008 - FIXED-LENGTH DATA ELEMENTS--GENERAL INFORMATION
fixed length control field 990416s1998 le b 001 0 ara d
020 ## - INTERNATIONAL STANDARD BOOK NUMBER
International Standard Book Number : tk.930.00
035 ## - SYSTEM CONTROL NUMBER
System control number (BD-RjUL)79136
040 ## - CATALOGING SOURCE
Original cataloging agency MH
Transcribing agency MH
Modifying agency CStRLIN
-- MiU
Language of cataloging eng
041 ## - LANGUAGE CODE
Language code of text/sound track or separate title ara
082 ## - DEWEY DECIMAL CLASSIFICATION NUMBER
Edition number 23
Classification number 297.12552
Author mark and year QAS 2011
100 1# - MAIN ENTRY--PERSONAL NAME
Personal name ابن ماجه، محمد بن يزيد.;; Ibn Mājah, Muḥammad ibn Yazīd,
Dates associated with a name -887.
9 (RLIN) 250705
245 10 - TITLE STATEMENT
Title سنن ابن ماجه ;; Sunan Ibn Mājah /
Statement of responsibility, etc. أبي عبد الله محمد بن يزيد القزويني .Abī ʿAbd Allāh Muḥammad ibn Yazīd al-Qazwīnī
250 ## - EDITION STATEMENT
Edition statement al-Ṭabʿah 1.
260 ## - PUBLICATION, DISTRIBUTION, ETC. (IMPRINT)
Place of publication, distribution, etc. Qahira :
Name of publisher, distributor, etc. Dār ibn zauji ,
Date of publication, distribution, etc. 2011
300 ## - PHYSICAL DESCRIPTION
Pagination 524 p. ; ;
Size 24 cm.
504 ## - BIBLIOGRAPHY, ETC. NOTE
Bibliography, etc Includes bibliographical references and indexes.
650 #0 - SUBJECT ADDED ENTRY--TOPICAL TERM
Topical term or geographic name as entry element Hadith
Form subdivision Texts
-- Early works to 1800.
9 (RLIN) 250706
942 ## - ADDED ENTRY ELEMENTS (KOHA)
Source of classification or shelving scheme Dewey Decimal Classification
Koha item type Books
Holdings
Lost status Source of classification or shelving scheme Damaged status Not for loan Collection code Permanent Location Current Location Shelving location Date acquired Source of acquisition Cost, normal purchase price Total Checkouts Full call number Date last seen Copy number Koha item type
  Dewey Decimal Classification   Not For Loan Non-fiction Central Library, University of Rajshahi Central Library, University of Rajshahi Reading Room 27/11/2021 Wahidiah Libraey, Rajshahi 930.00   A 297.12552 QAS 2011 29/11/2021 C-1 Books
  Dewey Decimal Classification     Non-fiction Central Library, University of Rajshahi Central Library, University of Rajshahi   27/11/2021 Wahidiah Libraey, Rajshahi 930.00   A 297.12552 QAS 2011 29/11/2021 C-1 Books